| 000 | 00625nam a2200205Ia 4500 | ||
|---|---|---|---|
| 003 | GCL | ||
| 008 | 140319s9999 xx 000 0 eng d | ||
| 040 |
_aGCL / _cGCL |
||
| 082 | 0 | 4 |
_aCC _b932 _bM I |
| 100 | 1 | _aMOKHTAR, MOHAMED | |
| 245 | 1 | 0 |
_aIHNASYA EL - MEDINA ( HERAKLOPOLIS MAGNA ): ITS IMPORTANCE AND ITS ROLE IN PHAROANIC HISTORY / _cMOKHTAR, MOHAMED |
| 700 | 1 | _aGAMAL ELDIN | |
| 700 | 1 | _aGAMAL MOKHTAR | |
| 260 |
_a[S.N] : _bPUBLICATIONS DE L'INSTITUTE FRANCAIS DE ، _c1983 |
||
| 300 | _a210 P | ||
| 650 | 0 | 4 | _aANCIENT EGYPT - HISTORY |
| 650 | 0 | 4 | _aIHNASYA |
| 650 | 0 | 4 | _aEGYPT - CIVILIZATION |
| 942 |
_2ddc _cBK |
||
| 999 |
_c14726 _d14726 |
||